000 00655nam a2200277Ia 4500
005 20260324151018.0
008 008 260324s9999 xx 000 0 eng d
020 _a9781315123578
037 _aEBOOK
040 _aCRL
040 _beng
040 _cCRL
041 _2eng
041 _aeng
084 _qCRL
100 _aY. K Leong; L. K Tao
_91228418
245 0 _aRevival: Village and Town Life in China (1915)
260 _bTaylor and Francis
260 _c1915
365 _a
365 _b240
856 _uhttp://www.taylorfrancis.com/books/9781315123578
942 _cEBOOK
999 _c1838828
_d1838828